Wealth tax act with rules / (Record no. 127451)

MARC details
000 -LEADER
fixed length control field 00795nam a22002657a 4500
005 - DATE AND TIME OF LATEST TRANSACTION
control field 20170124110025.0
010 ## - LIBRARY OF CONGRESS CONTROL NUMBER
LC control number A-946315
020 ## - INTERNATIONAL STANDARD BOOK NUMBER
Terms of availability 150.00
035 ## - SYSTEM CONTROL NUMBER
System control number A-946315
037 ## - SOURCE OF ACQUISITION
Source of stock number/acquisition Cen Lib/Ret
040 ## - CATALOGING SOURCE
Original cataloging agency DPL
Language of cataloging EN
082 ## - DEWEY DECIMAL CLASSIFICATION NUMBER
Classification number 343.05
Item number DAR
100 ## - MAIN ENTRY--PERSONAL NAME
Personal name Daruwala, Bomi F.
9 (RLIN) 1182
245 ## - TITLE STATEMENT
Title Wealth tax act with rules /
Statement of responsibility, etc by Bomi F. Daruwala; edited by Ravi Puliani [and] Mahesh Puliani
250 ## - EDITION STATEMENT
Edition statement 8th ed
260 ## - PUBLICATION, DISTRIBUTION, ETC. (IMPRINT)
Name of publisher, distributor, etc Bharat Law House
Place of publication, distribution, etc New Delhi
Date of publication, distribution, etc 1999
270 ## - ADDRESS
City New Delhi
Postal code 110092
Address 22, Tarun enclave Pitampura
300 ## - PHYSICAL DESCRIPTION
Extent various pagings
Dimensions 21cm(Hb)
500 ## - GENERAL NOTE
General note Includes index
650 ## - SUBJECT ADDED ENTRY--TOPICAL TERM
Topical term or geographic name as entry element Law
9 (RLIN) 104
650 ## - SUBJECT ADDED ENTRY--TOPICAL TERM
Topical term or geographic name as entry element Tax rules
9 (RLIN) 20535
700 ## - ADDED ENTRY--PERSONAL NAME
Personal name Puliani, Ravi
9 (RLIN) 17541
700 ## - ADDED ENTRY--PERSONAL NAME
Personal name Puliani, Mahesh
9 (RLIN) 1186
942 ## - ADDED ENTRY ELEMENTS (KOHA)
Source of classification or shelving scheme Dewey Decimal Classification
Koha item type English Books
Classification part 343.05
Call number suffix DAR
Holdings
Withdrawn status Lost status Damaged status Not for loan Home library Current library Date acquired Source of acquisition Cost, normal purchase price Total Checkouts Full call number Barcode Date last seen Copy number Cost, replacement price Price effective from Koha item type Public note
Written off       Central Library Central Library 29/06/2015 Cen Lib/Ret 150.00   343.05 DAR A-946315 29/06/2015 1 150.00 29/06/2015 English Books Written off on approval by DLB (By Circulation); dtd 15-06-2023

© Delhi Public Library
Hit Counter
free hit counter